<?xml version="1.0" encoding="UTF-8"?><?xml-stylesheet type="text/xsl" href="static/style.xsl"?><OAI-PMH xmlns="http://www.openarchives.org/OAI/2.0/" xmlns:xsi="http://www.w3.org/2001/XMLSchema-instance" xsi:schemaLocation="http://www.openarchives.org/OAI/2.0/ http://www.openarchives.org/OAI/2.0/OAI-PMH.xsd"><responseDate>2026-06-06T19:13:19Z</responseDate><request verb="GetRecord" identifier="oai:riuma.uma.es:10630/24012" metadataPrefix="marc">https://riuma.uma.es/rest/oai/request</request><GetRecord><record><header><identifier>oai:riuma.uma.es:10630/24012</identifier><datestamp>2026-02-03T10:57:53Z</datestamp><setSpec>com_10630_2254</setSpec><setSpec>col_10630_37953</setSpec></header><metadata><record xmlns="http://www.loc.gov/MARC21/slim" xmlns:dcterms="http://purl.org/dc/terms/" xmlns:doc="http://www.lyncode.com/xoai" xmlns:xsi="http://www.w3.org/2001/XMLSchema-instance" xsi:schemaLocation="http://www.loc.gov/MARC21/slim http://www.loc.gov/standards/marcxml/schema/MARC21slim.xsd">
   <leader>00925njm 22002777a 4500</leader>
   <datafield ind2=" " ind1=" " tag="042">
      <subfield code="a">dc</subfield>
   </datafield>
   <datafield ind2=" " ind1=" " tag="720">
      <subfield code="a">Palomo Gil, Luis</subfield>
      <subfield code="e">author</subfield>
   </datafield>
   <datafield ind2=" " ind1=" " tag="720">
      <subfield code="a">Gordillo Gámez, Fernando</subfield>
      <subfield code="e">author</subfield>
   </datafield>
   <datafield ind2=" " ind1=" " tag="720">
      <subfield code="a">Bedi, Anjan</subfield>
      <subfield code="e">author</subfield>
   </datafield>
   <datafield ind2=" " ind1=" " tag="720">
      <subfield code="a">Gidron, Ori</subfield>
      <subfield code="e">author</subfield>
   </datafield>
   <datafield ind2=" " ind1=" " tag="720">
      <subfield code="a">Casado-Cordón, Juan</subfield>
      <subfield code="e">author</subfield>
   </datafield>
   <datafield ind2=" " ind1=" " tag="720">
      <subfield code="a">Ramírez-Aguilar, Francisco Javier</subfield>
      <subfield code="e">author</subfield>
   </datafield>
   <datafield ind2=" " ind1=" " tag="260">
      <subfield code="c">2021-05-31</subfield>
   </datafield>
   <datafield ind2=" " ind1=" " tag="520">
      <subfield code="a">In this article the Raman and Raman Optical Activity (ROA) spectra of a series of enantiomeric twisted&#xd;
anthracenes are presented. The evolution of their vibrational spectra is understood in the context of the&#xd;
variation of p-electron delocalization as a result of the twisting imparted by the belt structure and in&#xd;
terms of the modulation of the resonance Raman/ROA effects which are photonic properties also tuned&#xd;
by anthracene twisting. The Raman/ROA vibrational spectra are simulated by several theoretical&#xd;
approaches to account for their vibrational and electronic properties including the theoretical evaluation&#xd;
of resonance effects. We furthermore incorporate a vibrational and ROA activity dissection analysis as&#xd;
provided in the Pyvib2 program valid to establish correlations among vibrational modes of different molecules&#xd;
with different electronic structures and equivalent vibrational dynamics. This paper is one of the very first&#xd;
attempts to use ROA spectroscopy in p-conjugated molecules with twisted and helical morphologies that&#xd;
contrast with the well-known cases of ROA studies of chiral helicenes in which the impact of p-electron&#xd;
delocalization in the electronic/photonic/vibrational (Raman/ROA) spectra is negligible.</subfield>
   </datafield>
   <datafield ind1="8" ind2=" " tag="024">
      <subfield code="a">Palomo, Luis ; Gordillo Gámez, Fernando ; Bedi, Anjan ; Gidron, Ori ; Casado-Cordon, Juan ; Ramirez-Aguilar, Francisco Javier.  Raman and ROA analyses of twisted anthracenes: connecting vibrational and electronic/photonic structures. Cite this: Phys. Chem. Chem. Phys., 2021, 23, 13996. https://doi.org/10.1039/D1CP01505B</subfield>
   </datafield>
   <datafield ind1="8" ind2=" " tag="024">
      <subfield code="a">https://hdl.handle.net/10630/24012</subfield>
   </datafield>
   <datafield ind1="8" ind2=" " tag="024">
      <subfield code="a">10.1039/D1CP01505B</subfield>
   </datafield>
   <datafield tag="653" ind2=" " ind1=" ">
      <subfield code="a">Espectroscopía Raman</subfield>
   </datafield>
   <datafield ind2="0" ind1="0" tag="245">
      <subfield code="a">Raman and ROA analyses of twisted anthracenes: connecting vibrational and electronic/photonic structures</subfield>
   </datafield>
</record>
</metadata></record></GetRecord></OAI-PMH>